000 00610nam a2200193Ia 4500
008 151121s9999||||xx |||||||||||||| ||und||
082 _aबा।वि।
082 _bHNW-74874
100 _aशेक्सपियर विलियम
245 _aहॅमलेट
260 _b"अरुण प्रकाशन, न। दिल्ली।"
260 _c--
300 _a103
600 _aशेक्सपियर विलियम
630 _aहॅमलेट
700 _aशेक्सपियर विलियम
730 _aहॅमलेट
942 _cBOOK
999 _c1256320
_d1256317